000 00624nam a2200217Ia 4500
008 101110s9999 xx 000 0 und d
041 _aENGLISH
082 _bSR25872
100 _aMaheshwari S.N.
245 _aFundamentals of financial management problems and solutions
260 _c2004
_bSultan Chand, New delhi
300 _a552
365 _b145
520 _aCommerce
546 _aENGLISH
630 _aFundamentals of financial management problems and solutions
650 _aCommerce
655 _aCommerce
730 _aFundamentals of financial management problems and solutions
942 _cBOOK
999 _c818480
_d818477